Movies Quiz

Random Movies or Box Office Quiz
Score 0/21 Timer 05:00
1 Play Today
% Correct
Kung Fu Panda
99.3%
Kung Fu Panda 2
97.7%
King Kong
97.2%
Kung Fu Panda 3
96.2%
Kill Bill: Vol. 1
92.4%
The Karate Kid (2010)
91.2%
Kill Bill: Vol. 2
91.2%
Knocked Up
77.6%
Kingsman: The Secret Service
76.3%
Kingsman: The Golden Circle
75.7%
Kong: Skull Island
75.4%
% Correct
The King's Speech
70.4%
A Knight's Tale
57.6%
Kindergarten Cop
56.4%
Knight & Day
45.5%
King Arthur: Legend of the Sword
44.8%
Knives Out
41.4%
King Arthur
41.2%
Knowing
23.4%
Kingdom of Heaven
16.9%
Kung Fu Yoga
2.3%
Remove Ads.
Support Sporcle.
Get the best of Sporcle when you Go Orange. This ad-free experience offers more features, more stats, and more fun while also helping to support Sporcle. Thank you for becoming a member.

You're not logged in!

Compare scores with friends on all Sporcle quizzes.
OR
Log In

Sporcle TV

Today on Sporcle TV


Watch our educational content, quiz creation guides, and fun videos on Sporcle TV.

Show Comments

Extras

Top Quizzes Today


Score Distribution

Paid Content

Your Account Isn't Verified!

In order to create a playlist on Sporcle, you need to verify the email address you used during registration. Go to your Sporcle Settings to finish the process.

Report this User

Report this user for behavior that violates our Community Guidelines.

Details: